| 000 | 01067nam a2200313Ia 4500 | ||
|---|---|---|---|
| 003 | OSt | ||
| 005 | 20221006155910.0 | ||
| 006 | a|||||r|||| 00| 0 | ||
| 007 | ta | ||
| 008 | 221006b |||||||| |||| 00| 0 eng d | ||
| 020 |
_a9780231143547 _c¥4095 |
||
| 024 | _a43,781 | ||
| 037 |
_bGift, Japan Foundation _cTextual |
||
| 040 |
_aEASL _cEASL _beng |
||
| 041 |
_2eng _aeng |
||
| 082 | _aV42:1973.N9, Q0 | ||
| 100 | _aPACKARD George R. | ||
| 245 | 0 | _aEdwin O. Reischauer and the American discovery of Japan | |
| 260 |
_aNew York _bColumbia University Press _c2010 |
||
| 300 |
_a366p. _ccm. |
||
| 490 | _v JEL | ||
| 650 |
_a Ambassadors - United States - Biography _9670891 |
||
| 650 |
_a Japan - Relations - United States _9670892 |
||
| 650 |
_a Japanologists - United States - Biography _9670893 |
||
| 650 |
_a Scholars - United States - Biography _9670894 |
||
| 650 |
_aReischauer - Edwin O - Edwin Oldfather _9670895 |
||
| 942 |
_hV42:1973.N9, Q0 _cTEXL _2CC |
||
| 999 |
_c1111873 _d1111873 |
||